000 00983nam a22002177a 4500
999 _c5666
_d5666
003 AR-CdUCM
008 190313b ||||| |||| 00| 0 spa d
040 _aMUNICIPALIDAD PROVINCIAL DEL CUSCO
_cBIBLIOTECA MUNICIPAL DEL CUSCO
082 _22ed.
_a947.084 /
_bH59
110 _aHistoria de la URSS, época del socialismo 1917-1957
_916907
245 _aHistoria de la URSS :
_bÉpoca del socialismo 1917-1957 /
260 _aMéxico :
_bGrijalbo,
_c1958.
300 _a732 paginas ;
_c22 cm.
505 _aContenido :La gran revolución socialista de octubre -- La guerra civil -- La lucha por la consolidación del poder soviético -- El triunfo de la revolución proletaria y la construcción del socialismo en la URSS - La guerra civil - Restauración de la economía nacional de la URSS ...
650 _aRusia
_9499
650 _aSocialismo
_91037
650 _aHistoria de rusia
_98411
700 _aRoces, Wenceslao (traductor)
_93529
942 _2ddc
_cLIBROS
945 _arum